Математическое моделирование процесса низкотемпературной изомеризации пентан-гексановой фракции углеводородов; Химия и химическая технология в XXI веке

Bibliografiset tiedot
Parent link:Химия и химическая технология в XXI веке.— 2008.— С. 207-208
Päätekijä: Дуброва Т. В.
Muut tekijät: Иванчина Э. Д. Эмилия Дмитриевна (научный руководитель)
Kieli:venäjä
Julkaistu: 2008
Aiheet:
Aineistotyyppi: Kirjan osa
KOHA link:https://koha.lib.tpu.ru/cgi-bin/koha/opac-detail.pl?biblionumber=167902

MARC

LEADER 00000naa2a2200000 4500
001 167902
005 20231031162929.0
035 |a (RuTPU)RU\TPU\book\182156 
090 |a 167902 
100 |a 20091021d2008 k y0rusy50 ca 
101 0 |a rus 
102 |a RU 
200 1 |a Математическое моделирование процесса низкотемпературной изомеризации пентан-гексановой фракции углеводородов  |f Т. В. Дуброва  |g науч. рук. Э. Д. Иванчина 
463 1 |0 (RuTPU)RU\TPU\book\176288  |t Химия и химическая технология в XXI веке  |o IX Всероссийская научно-практическая конференция студентов и аспирантов, Томск, 14-16 мая 2008 г.  |o сборник материалов  |f Томский политехнический университет (ТПУ) ; Химия и химическая технология в XXI веке  |v С. 207-208  |d 2008  |p 338 с. 
610 1 |a углеводороды 
610 1 |a пентан-гексановая фракция 
610 1 |a математическое моделирование 
610 1 |a низкотемпературная изомеризация 
610 1 |a нефть 
610 1 |a первичная переработка 
610 1 |a труды учёных ТПУ 
700 1 |a Дуброва  |b Т. В. 
702 1 |a Иванчина  |b Э. Д.  |c химик  |c профессор Томского политехнического университета, доктор технических наук  |f 1951-  |g Эмилия Дмитриевна  |2 stltpush  |4 727 
801 1 |a RU  |b 63413507  |c 20091021 
801 2 |a RU  |b 63413507  |c 20140523  |g RCR 
942 |c BK